Les parcs d'attractions les plus populaires de France - Statistiques

Statistiques générales
  • Ce quiz a été pris 319 fois
  • Le résultat moyen est 5 sur 10
Statistiques - réponses
Nombres de visiteurs Parcs % Correct
14 800 000 Disneyland
98%
2 030 000 Parc Astérix
90%
2 000 000 Futuroscope
74%
2 260 000 Le Puy du Fou
63%
465 000 Walibi
56%
600 000 Nigloland
51%
602 000 Le Pal
31%
350 000 La Mer de Sable
21%
360 000 Parc-Saint-Paul
16%
450 000 OK Corral
5%
Aucun quiz correspondant
Distribution des résultats
% des personnes avec chaque résultat
Percentile par nombre de réponses
Votre historique - résultats
Vous n’avez pas pris ce quiz